| 000 | 00596nam a2200181Ia 4500 | ||
|---|---|---|---|
| 008 | 090630s9999 xx 000 0 und d | ||
| 082 | _b19582 | ||
| 100 | _aराऊत सुनील. | ||
| 245 |
_aन उमगलेले दिवस. _cराऊत सुनील. |
||
| 260 |
_bगौरी - पुणे. _c2000 |
||
| 300 | _a89 | ||
| 600 | _aराऊत सुनील. | ||
| 630 | _aन उमगलेले दिवस. | ||
| 655 | _aलघुकथा. | ||
| 700 | _aराऊत सुनील. | ||
| 730 | _aन उमगलेले दिवस. | ||
| 942 | _cBOOK | ||
| 999 |
_c271438 _d271438 |
||